Sample size choice (Record no. 25575)

MARC details
000 -LEADER
fixed length control field 00383nam a2200145Ia 4500
082 ## - DEWEY DECIMAL CLASSIFICATION NUMBER
Classification number 519.2
Item number ODE
100 ## - MAIN ENTRY--AUTHOR NAME
Personal name Fox, Martin
245 #0 - TITLE STATEMENT
Title Sample size choice
260 ## - PUBLICATION, DISTRIBUTION, ETC. (IMPRINT)
Place of publication New York
Name of publisher Marcel Dekker
Year of publication 1975
490 ## - SERIES STATEMENT
Series statement Statistics: Textbooks and monographs V 14
650 ## - SUBJECT ADDED ENTRY--TOPICAL TERM
Topical Term Linear models
700 ## - ADDED ENTRY--PERSONAL NAME
Personal name Odeh, Robert E
942 ## - ADDED ENTRY ELEMENTS (KOHA)
Koha item type Books
Holdings
Withdrawn status Lost status Damaged status Not for loan Home library Current library Date acquired Cost, normal purchase price Full call number Accession Number Koha item type
        RRII Library RRII Library 16/12/2021 18.50 519.2 ODE 06231 Books